Statystyki dla Państwa monarchistyczne od 2000r.

Kliknij tutaj aby rozwiązać quiz!

Ogólne statystyki

  • Ten quiz został rozwiązany 110 razy
  • Średni wynik to 8 z 16

Statystyki odpowiedzi

HintOdpowiedź% Poprawnych
państwo kościelnie, absoltunyWatykan
77%
federacja emiratów, konstytucyjnyZjednoczone Emiraty Arabskie
77%
królestwo, absolutnyArabia Saudyjska
75%
królestwo, parlamentarnyHolandia
72%
królestwo, parlamentarnyBelgia
70%
królestwo, parlamentarnyHiszpania
66%
emirat, absolutnyKatar
66%
wielkie księstwo, parlamentarnyLuksemburg
60%
księstwo, konstytucyjnyMonako
60%
księstwo, parlamentarnyAndora
57%
emirat, konstytucyjnyKuwejt
47%
królestwo, parlamentarnyTajlandia
29%
królestwo, konstytucyjnyBhutan
25%
federacja sułtanatów, parlamentarnyMalezja
25%
królestwo, abolutnyTonga
6%
królestwo, konstytucyjnySamoa
1%

Rozkład punktacji

Percentyl według liczby udzielonych odpowiedzi

Procent ludzi z każdym wynikiem

Twoja historia wyników

Nie rozwiązałeś tego quizu